banner-ar

التعليم فى مصر : فى سنتى 1914 و 1915 : (Record no. 59090)

MARC details
000 -الفاتح
حقل البيانات ثابتة الطول 00813nam a2200181Ia 4500
008 - عناصر البيانات ثابتة الطول - معلومات عامة
حقل البيانات ثابتة الطول 140319s9999 xx 000 0 ara d
040 ## - مصدر الفهرسة
وكالة الفهرسة الأصلية GCL /
وكالة النسخ GCL
082 04 - رقم تصنيف ديوى العشرى
رقم التصنيف ق
رقم المادة 370.962
-- ا ت
100 1# - المدخل الرئيسى - إسم شخصى
الإسم الشخصى امين سامى
245 10 - بيان العنوان
العنوان التعليم فى مصر : فى سنتى 1914 و 1915 :
بقية العنوان وبيان تفصيلى لنشر التعليم الاولى والابتدائى بانحاء الديار المصرية /
بيان المسئوليه,etc امين سامى
260 ## - PUBLICATION, DISTRIBUTION, ETC. (IMPRINT)
تاريخ النشر أو التوزيع 1917
300 ## - الوصف المادى
التعداد متعدد الترقيم ؛
أبعاد الوعاء 29 سم
650 04 - المدخل الاضافى بالموضوع-مصطلح موضوعى
مصطلح موضوعي التعليم الابتدائى
650 04 - المدخل الاضافى بالموضوع-مصطلح موضوعى
مصطلح موضوعي مصر - تاريخ - العصر الحديث - عصر محمد على ( 1805- 1849 م )
650 04 - المدخل الاضافى بالموضوع-مصطلح موضوعى
مصطلح موضوعي التعليم - مصر - العصر القديم
942 ## - عناصر المدخل الإضافي( كوها)
مصدر التصنيف او مخطط الترفيف Dewey Decimal Classification
Koha [default] item type كتاب
260 ## - PUBLICATION, DISTRIBUTION, ETC. (IMPRINT)
-- القاهرة :
-- مطبعة المعارف ،
Holdings
حالة التراجع حالة الفقد حالة تلف ليس للاعارة المكان المؤقت الموقع الحالى تاريخ الاكتساب اجمالي اﻻعارات رقم الطلب الباركود تاريخ اخر مشاهدة تاريخ تفعيل السعر نوع وعاء كوها
        مكتبة القاهرة الكبرى مكتبة القاهرة الكبرى 03/26/2014   ق\370.962\ا ت 153262 10/05/2022 03/26/2014 كتاب
        مكتبة القاهرة الكبرى مكتبة القاهرة الكبرى 03/26/2014   ق\370.962\ا ت 153263 03/26/2014 03/26/2014 كتاب

Powered By

EGPV